000 00332nam a2200157Ia 4500
100 _aPeters/Tom
650 _aGeneral
942 _cBK
366 _f20
654 _apassion
245 _aA passion for excellence
260 _bProfile Books
_aMumbai
_c2003
082 _a658.4092/PET
_bPET
300 _a437
546 _aENGLISH
999 _c26844
_d26844